000 00638nam a2200229Ia 4500
003 OSt
005 20220923230458.0
006 a|||||r|||| 00| 0
007 ta
008 Pun
024 _a282,418
037 _cTextual
040 _aARTS
_cARTS
_bPun
041 _2Pun
_aPun
082 _aO153,3NBA3x, M3
100 _aਬਾਵਾ, ਮਨਮੋਹਨ ਸਿੰਘ
245 0 _aਚਿੱਟੇ ਘੋੜੇ ਦਾ ਸਵਾਰ
260 _c1983
650 _aਪੰਜਾਬੀ ਸਾਹਿਤ
942 _hO153,3NBA3x, M3
_cTEXL
_2CC
999 _c385131
_d385131